|
|
|
|
| LEADER |
00000nam a22000007a 4500 |
| 005 |
20191204210416.0 |
| 007 |
cr|||| |||| |
| 008 |
191204s2019 es |||||s|||| 00||0 spa d |
| 020 |
|
|
|a 978-84-486-1922-0
|
| 035 |
|
|
|a 30894
|
| 040 |
|
|
|a vLex
|
| 090 |
|
|
|c 10066
|d 10066
|
| 100 |
1 |
|
|a Carmona Garias, Silvia
|
| 245 |
1 |
0 |
|a Democracia y Gobierno Abierto
|h [Recurso electrn̤ico] :
|b Una nueva cultura administrativa /
|c Silvia Carmona Garias
|
| 256 |
|
|
|a Servicio en ln̕ea
|
| 260 |
|
|
|a Madrid:
|b Instituto Nacional de Administracin̤ Pb︢lica (INAP),
|c 2019
|
| 300 |
|
|
|a 1 recurso electrn̤ico
|
| 506 |
1 |
|
|a Disponible solo en los productos indicados
|d vLex Global
|d vLex Global (Academic Edition, excluding Law Schools)
|d vLex Global (U.S. Academic Edition, Law Schools)
|d vLex Global (U.S. Academic Edition, excluding Law Schools)
|d vLex Global (Academic Edition, Law Schools)
|
| 650 |
0 |
4 |
|a Derecho Pb︢lico y Administrativo
|z Espaą
|
| 740 |
0 |
|
|a vLex Libros (Servicio en ln̕ea)
|
| 856 |
4 |
0 |
|u http://vlex.com/source/democracia-gobierno-abierto-30894
|z Acceso restringido
|
| 942 |
|
|
|c BOOK
|
| 999 |
0 |
|
|a Public and Administrative Law
|